| 000 | 00486nam a2200181Ia 4500 | ||
|---|---|---|---|
| 008 | 100920s9999 xx 000 0 und d | ||
| 082 |
_b30855 _a5 थ 0 |
||
| 100 | _aKeene H.G. | ||
| 245 | _aRULERS OF INDIA MADHAV RAO SINDHYA. | ||
| 260 |
_b--- _c0 |
||
| 300 |
_a203 _bसाधी |
||
| 365 | _b0 | ||
| 520 | _aई.एल. ई. | ||
| 630 | _aRULERS OF INDIA MADHAV RAO SINDHYA. | ||
| 650 | _aई.एल. ई. | ||
| 730 | _aRULERS OF INDIA MADHAV RAO SINDHYA. | ||
| 942 | _cBOOK | ||
| 999 |
_c686185 _d686182 |
||